Teach yourself trignometry / (Record no. 543872)
[ view plain ]
| 000 -LEADER | |
|---|---|
| fixed length control field | 00432nam a22001457a 4500 |
| 082 ## - DEWEY DECIMAL CLASSIFICATION NUMBER | |
| Classification number | 516.24 |
| Author Mark | ABB |
| -- | L-4, P-12 |
| 100 ## - MAIN ENTRY--PERSONAL NAME | |
| Personal name | Abbott. P, |
| 9 (RLIN) | 38974 |
| 245 ## - TITLE STATEMENT | |
| Title | Teach yourself trignometry / |
| 260 ## - PUBLICATION, DISTRIBUTION, ETC. | |
| Place of publication, distribution, etc. | London: |
| Name of publisher, distributor, etc. | The english universities press ltd |
| Date of publication, distribution, etc. | c1940 |
| 300 ## - PHYSICAL DESCRIPTION | |
| Extent | vii, 204 p. : |
| Other physical details | diagr |
| Dimensions | 18cm |
| 526 ## - STUDY PROGRAM INFORMATION NOTE | |
| Program name | 0 |
| Interest level | 0 |
| Reading level | 0 |
| Title point value | 516_240000000000000_ABB |
| 526 ## - STUDY PROGRAM INFORMATION NOTE | |
| Program name | 0 |
| Interest level | 0 |
| Reading level | 0 |
| Title point value | 516_240000000000000_ABB |
| 650 ## - SUBJECT ADDED ENTRY--TOPICAL TERM | |
| Topical term or geographic name entry element | MCE |
| 9 (RLIN) | 379 |
| 942 ## - ADDED ENTRY ELEMENTS (KOHA) | |
| Source of classification or shelving scheme | |
| Koha item type | Book |
| Withdrawn status | Lost status | Source of classification or shelving scheme | Damaged status | Not for loan | Permanent Location | Current Location | Date acquired | Total Checkouts | Full call number | Barcode | Date last seen | Price effective from | Koha item type |
|---|---|---|---|---|---|---|---|---|---|---|---|---|---|
| Military College of Engineering (MCE) | Military College of Engineering (MCE) | 04/04/2014 | 516.24 ABB | MCE-1187 | 04/04/2014 | 04/04/2014 | Book | ||||||
| Military College of Engineering (MCE) | Military College of Engineering (MCE) | 04/04/2014 | 516.24 ABB | MCE-9541 | 04/04/2014 | 04/04/2014 | Book |
